000 00313nam a22001337a 4500
020 _a978-0471973508
041 _aENG
100 _aHerschy .R.W
245 _aHydrometry Principles And Practices
260 _aNew York
_bJohn Wiley & Sons
_c1978
300 _a511
650 _aSWCE ( 06)
856 _uSWCE ( 06)
999 _c2896
_d2896